Every Artist To Feature On A Don Toliver Album - Statistics

General Stats
  • This quiz has been taken 18 times
  • The average score is 17 of 28
Answer Stats
album track artist % Correct
Heaven Or Hell Euphoria Travis Scott
100%
Love Sick Private Landing Future
94%
Love Sick Private Landing Justin Bieber
94%
HARDSTONE PSYCHO BROTHER STONE Kodak Black
94%
HARDSTONE PSYCHO GEEKED UP Yeat
94%
Life of a DON Drugs N Hella Melodies Kali Uchis
88%
Heaven Or Hell Had Enough Offset
82%
Heaven Or Hell Had Enough Quavo
82%
HARDSTONE PSYCHO BACKSTREETS Teezo Touchdown
82%
HARDSTONE PSYCHO PURPLE RAIN Metro Boomin
76%
OCTANE Secondhand Rema
76%
Life of a DON OUTERSPACE Baby Keem
65%
HARDSTONE PSYCHO DONNY DARKO Lil Uzi Vert
65%
OCTANE K9 SahBabii
65%
Love Sick Leave the Club Lil Durk
59%
Heaven Or Hell Spaceship Sheck Wes
59%
Life of a DON Smoke SoFaygo
59%
Love Sick Bus Stop Brent Faiyaz
53%
HARDSTONE PSYCHO ATTITUDE Cash Cobain
53%
Love Sick If I Had Charlie Wilson
53%
Love Sick Leave the Club GloRilla
53%
Life of a DON Smoke HVN
41%
Love Sick Let Her Go James Blake
41%
Love Sick Cinderella Toro y Moi
29%
Love Sick Slow Motion Wizkid
29%
Love Sick Go Down TisaKorean
24%
Donny Womack Holdin' Steel Dice Soho
18%
Heaven Or Hell Euphoria Kasha Paige
18%
No matching quizzes found
Score Distribution
Percent of People with Each Score
Percentile by Number Answered
Your Score History
You have not taken this quiz